|
|
|
|
| LEADER |
00000nam a22000007a 4500 |
| 005 |
20191003221831.0 |
| 007 |
cr|||| |||| |
| 008 |
191003s2019 fr |||||s|||| 00||0 fra d |
| 020 |
|
|
|a 9786138461609
|
| 035 |
|
|
|a 29155
|
| 040 |
|
|
|a vLex
|
| 090 |
|
|
|c 9699
|d 9699
|
| 100 |
1 |
|
|a Hibade, Laurence
|
| 245 |
1 |
2 |
|a La transmission conventionnelle de position contractuelle
|h [Recurso electrn̤ico] :
|b Est-elle une notion pertinente? /
|c Laurence Hibade
|
| 256 |
|
|
|a Servicio en ln̕ea
|
| 260 |
|
|
|a Pars̕:
|b Éditions Universitaires Europěnes,
|c 2019
|
| 300 |
|
|
|a 1 recurso electrn̤ico
|
| 500 |
|
|
|a Le contrat, du fait de sa complexit ̌de structure, est souvent un dďale dans lequel consommateurs, professionnels, juges et juristes se perdent allg̈rement. Dďale de sa nǧociation, parce que chacun des partenaires df̌end ṕrement ses intřt̊s ; dďale de sa conclusion, parce que certains ont d ︣faire des concessions pour que leur volont ̌rencontre celle de l’autre ; dďale de son interprťation, parce que le juge surtout, l’arbitre de plus en plus, sont ceux qu’une des parties saisit en cas de survenance d’un litige… Dďale de sa quintessence, parce que finalement tout s’engouffre dans une seule et unique question : au fond, qu’est-ce qu’un contrat ? La simplicit ̌apparente de l’article 1101 du Code civil s’estompe aussitt̥ : ± le contrat est une convention par laquelle une ou plusieurs personnes s’obligent envers une ou plusieurs autres ̉donner, ̉faire ou ̉ne pas faire quelque chose ».
|
| 506 |
1 |
|
|a Disponible solo en los productos indicados
|d vLex Global
|d vLex Global (Academic Edition, excluding Law Schools)
|d vLex Global (U.S. Academic Edition, Law Schools)
|d vLex Global (U.S. Academic Edition, excluding Law Schools)
|d vLex Global (Academic Edition, Law Schools)
|
| 650 |
0 |
4 |
|a Derecho Pb︢lico y Administrativo
|z Francia
|
| 740 |
0 |
|
|a vLex Libros (Servicio en ln̕ea)
|
| 856 |
4 |
0 |
|u http://vlex.com/source/29155
|z Acceso restringido
|
| 942 |
|
|
|c BOOK
|
| 999 |
0 |
|
|a Public and Administrative Law
|